| Поле | Инд. | ПП | Название | Значение |
|---|---|---|---|---|
| Тип записи | a | |||
| Библиографический уровень | m | |||
| 001 | Контрольный номер | 2dc22456-d49f-419b-b7ce-9ca07711b874 | ||
| 005 | Дата корректировки | 20171003104039.8 | ||
| 008 | Кодируемые данные | 060724 | ||
| 020 | c | Цена, тираж | б/ц | |
| 040 | a | Служба первич. каталог. | НБ ТвГУ | |
| 041 | 0_ | a | Код языка текста | rus |
| 080 | a | Индекс УДК | 1(470)(091)(043.3) | |
| a | Индекс УДК | 929Лосский | ||
| 084 | a | Индекс другой классификации/Индекс ББК | Ю3(2)61-63я031 | |
| 090 | x | Авторский знак | К72 | |
| a | Полочн. индекс | Ю3(2)6 | ||
| 100 | 1_ | a | Автор | Костина Илона Леонидовна |
| 245 | 10 | a | Заглавие | Проблема ценностей в философии Н.О. Лосского |
| b | Продолж. заглавия | дис. ... канд. филос. наук : 09.00.03 | ||
| 260 | 1_ | a | Место издания | Тверь |
| c | Дата издания | 2006 | ||
| 300 | a | Объем | 145 с. | |
| 500 | a | Примечание | На правах рукоп. | |
| 502 | a | Примечание о диссертации | Дис.(канд.) - Твер. гос. ун-т, 2006 | |
| 504 | a | Библиография | Библиогр.: с. 144-145 и в подстроч. примеч. | |
| 583 | a | Действие | Получение впервые 272 24.07.2006 | |
| 650 | 04 | y | Хронологическая подрубрика | 20 в. |
| z | Географическая подрубрика | Россия | ||
| 653 | 0_ | a | Ключевые слова | Лосский Николай Онуфриевич |
| a | Ключевые слова | Философия | ||
| a | Ключевые слова | Русская философия | ||
| a | Ключевые слова | История философии | ||
| a | Ключевые слова | Ценности (филос.) | ||
| a | Ключевые слова | Диссертации | ||
| a | Ключевые слова | Персоналии | ||
| 852 | 41 | t | Порядковый номер экземпляра | 1 |
| p | Инвентарный номер | б/н | ||
| 888 | a | Бесплатные | ||
| 930 | a | Новая/Ретро | персоналии | |
| a | Новая/Ретро | диссертации | ||
| 952 | p | 272.2006 б/ц 1 б/н | ||
| c | Вид литературы | Дис н | ||
| 954 | a | Дата поступления на обработку | 20060814 | |
| 999 | a | Подразделение 2 | ч.з. |